[Event "Eindhoven WLC op 9th"]
[Site "Eindhoven"]
[Date "2018.05.26"]
[Round "3"]
[White "Guelsen, Taylan"]
[Black "Van Dongen, Daan"]
[Result "1-0"]
[WhiteElo "2162"]
[BlackElo "1906"]
[PlyCount "75"]
[EventDate "2018.05.25"]
[EventType "swiss"]
[EventRounds "6"]
[EventCountry "NED"]
[SourceTitle "CBM 184 Extra"]
[Source "ChessBase"]
[SourceDate "2018.06.28"]
[SourceVersion "1"]
[SourceVersionDate "2018.06.28"]
[SourceQuality "1"]

1. d4 d5 2. c4 e5 3. dxe5 d4 4. Nf3 Nc6 5. a3 Nge7 6. Bf4 Ng6 7. Bg3 Be6 8. Nbd2 Qd7 9. Qa4 Qe7 10. Nxd4 Bd7 11. e6 Nxd4 12. Qxd7+ Qxd7 13. exd7+ Kxd7 14. 0-0-0 Nf5 15. Nf3+ Kc6 16. Nd4+ Nxd4 17. Rxd4 Bc5 18. Rd3 a5 19. e3 Rad8 20. Be2 Rxd3 21. Bxd3 Bd6 22. f4 Re8 23. Re1 b6 24. Kd2 Bc5 25. Re2 Ne7 26. e4 Bd4 27. Kc2 Kc5 28. e5 c6 29. Be1 b5 30. cxb5 cxb5 31. Bxa5 Nd5 32. Bd2 b4 33. axb4+ Nxb4+ 34. Bxb4+ Kxb4 35. Bxh7 Rh8 36. Be4 Rxh2 37. Kd3 Bc5 38. Bd5 1-0